Giáo trình kỹ thuật màn hình máy tính (Dùng trong các trường THCN)

Nội dung tài liệu được chia thành 3 chương giới thiệu một số nội dung cơ bản về lý thuyết truyền hình đen trắng, truyền hình màu và màn hình máy tính, trình bày về nguyên tắc làm việc của các thiết bị thông dụng có sử dụng đèn tia điệ...

Disgrifiad llawn

Wedi'i Gadw mewn:
Manylion Llyfryddiaeth
Prif Awdur: Phạm, Thanh Bình
Fformat: Llyfr
Iaith:Undetermined
Cyhoeddwyd: Hà Nội Nhà xuất bản Hà Nội 2007
Pynciau:
Tagiau: Ychwanegu Tag
Dim Tagiau, Byddwch y cyntaf i dagio'r cofnod hwn!
Thư viện lưu trữ: Trung tâm Học liệu Trường Đại học Cần Thơ
LEADER 01081nam a2200217Ia 4500
001 CTU_142699
008 210402s9999 xx 000 0 und d
020 |c 32000 
082 |a 621.38412 
082 |b B312 
100 |a Phạm, Thanh Bình 
245 0 |a Giáo trình kỹ thuật màn hình máy tính 
245 0 |b (Dùng trong các trường THCN) 
245 0 |c Phạm Thanh Bình chủ biên, Đặng Trần Đức 
260 |a Hà Nội 
260 |b Nhà xuất bản Hà Nội 
260 |c 2007 
520 |a Nội dung tài liệu được chia thành 3 chương giới thiệu một số nội dung cơ bản về lý thuyết truyền hình đen trắng, truyền hình màu và màn hình máy tính, trình bày về nguyên tắc làm việc của các thiết bị thông dụng có sử dụng đèn tia điện tử. 
650 |a Electronic circuits,Mạch điện tử 
904 |i Duy Bằng 
980 |a Trung tâm Học liệu Trường Đại học Cần Thơ